The IUCN plant red data book : (Record no. 6885)

MARC details
000 -LEADER
fixed length control field 01310cam a2200313 a 4500
001 - CONTROL NUMBER
control field 909148
003 - CONTROL NUMBER IDENTIFIER
control field OSt
005 - DATE AND TIME OF LATEST TRANSACTION
control field 20210830153213.0
008 - FIXED-LENGTH DATA ELEMENTS--GENERAL INFORMATION
fixed length control field 820616s1978 sz b i001 0 eng
010 ## - LIBRARY OF CONGRESS CONTROL NUMBER
LC control number 81205995
015 ## - NATIONAL BIBLIOGRAPHY NUMBER
National bibliography number Sw80-11835
020 ## - INTERNATIONAL STANDARD BOOK NUMBER
International Standard Book Number 2880322022 (pbk.)
040 ## - CATALOGING SOURCE
Original cataloging agency DLC
Transcribing agency DDC
Modifying agency DLC
050 00 - LIBRARY OF CONGRESS CALL NUMBER
Classification number QK86.A1
Item number I9 1978
082 00 - DEWEY DECIMAL CLASSIFICATION NUMBER
Classification number 577INT 1980
245 04 - TITLE STATEMENT
Title The IUCN plant red data book :
Remainder of title comprising red data sheets on 250 selected plants threatened on a world scale /
Statement of responsibility, etc. International Union for Conservation of Nature and Natural Resources ; compiled by Gren Lucas and Hugh Synge for the Threatened Plants Committee of the Survival Service Commission of IUCN, with the help and advice of experts throughout the world.
260 ## - PUBLICATION, DISTRIBUTION, ETC. (IMPRINT)
Place of publication, distribution, etc. Morges, Switzerland :
Name of publisher, distributor, etc. IUCN,
Date of publication, distribution, etc. 1980
300 ## - PHYSICAL DESCRIPTION
Extent 540 p. ;
Dimensions 24 cm.
504 ## - BIBLIOGRAPHY, ETC. NOTE
Bibliography, etc Includes bibliographies and index.
650 #0 - SUBJECT ADDED ENTRY--TOPICAL TERM
Topical term or geographic name as entry element Endangered plants.
9 (RLIN) 14123
650 #0 - SUBJECT ADDED ENTRY--TOPICAL TERM
Topical term or geographic name as entry element Rare plants.
9 (RLIN) 14124
650 #0 - SUBJECT ADDED ENTRY--TOPICAL TERM
Topical term or geographic name as entry element Plant conservation.
9 (RLIN) 14125
700 1# - ADDED ENTRY--PERSONAL NAME
Personal name Lucas, Gren.
9 (RLIN) 14126
700 1# - ADDED ENTRY--PERSONAL NAME
Personal name Synge, Hugh.
9 (RLIN) 14127
710 2# - ADDED ENTRY--CORPORATE NAME
Corporate name or jurisdiction name as entry element International Union for Conservation of Nature and Natural Resources.
Subordinate unit Threatened Plants Committee.
9 (RLIN) 14128
740 0# - ADDED ENTRY--UNCONTROLLED RELATED/ANALYTICAL TITLE
Uncontrolled related/analytical title I.U.C.N. plant red data book.
906 ## - LOCAL DATA ELEMENT F, LDF (RLIN)
a 7
b cbc
c orignew
d 2
e ncip
f 19
g y-gencatlg
942 ## - ADDED ENTRY ELEMENTS (KOHA)
Source of classification or shelving scheme Dewey Decimal Classification
Koha item type Open Shelf
Holdings
Withdrawn status Lost status Source of classification or shelving scheme Damaged status Not for loan Home library Current library Date acquired Source of acquisition Inventory number Total Checkouts Full call number Barcode Date last seen Date last checked out Price effective from Koha item type
    Dewey Decimal Classification     MUST Main Library MUST Main Library 19/04/2021 purchase 02/17537 1 577INT 1980 2021-0433 24/04/2021 20/04/2021 19/04/2021 Open Shelf
    Dewey Decimal Classification     MUST Main Library MUST Main Library 01/09/2021 donation 02/17538   577INT 1980 2021-0758 01/09/2021   01/09/2021 Open Shelf